000 00528nam a22001817a 4500
005 20251108172827.0
008 250721s1989 xx 000 0 ara d
082 1 4 _a651.75/حدي
100 1 _aالحديدي، محمد
245 1 0 _aكتابة التقارير في الصناعة و الأعمال /
264 1 _aالقاهرة :
_bالخبراء العرب،
_c1989.
300 _a318 ص
650 1 7 _aالتقارير
650 1 7 _aالكتابة
650 1 7 _aالإدارة
942 _2ddc
_cBK
999 _c89462
_d89462